Hacı Bayrâm-ı Velî (Record no. 5078)
[ view plain ]
| 000 -BAŞLIK | |
|---|---|
| Sabit Uzunlukta Kontrol Alanı | 01122na a2200277 4500 |
| 001 - KONTROL NUMARASI | |
| Denetim Alanı | 13012 |
| 003 - KONTROL NUMARASI IDENTIFIER | |
| Denetim Alanı | MIRAKIL |
| 005 - SON İŞLEM TARİHİ VE ZAMANI | |
| Denetim Alanı | 20181213155026.0 |
| 008 - SABİT-BOY VERİ ELEMANLARI - GENEL BİLGİLER | |
| Sabit Uzunlukta Kontrol Alanı | 160930b tu 000 0 |
| 035 ## - SİSTEM KONTROL NUMARASI | |
| Sistem Kontrol Numarası | 13012 |
| 040 ## - KATALOGLAMA KAYNAK | |
| Orijinal Kataloglama Ajansı | Milas |
| Kataloglama Dili | tur |
| Metne Dönüştürmek Ajansı | TR-AnCHP |
| 041 ## - DİL KODU | |
| Metin / Ses Parça Veya Ayrı Başlığın Dil Kodu | tur |
| 082 ## - DEWEY ONLU SINIFLANDIRMA NUMARASI | |
| Sınıflandırma Numarası | 297.65 |
| Ürün Numarası | H21 2012 |
| 090 ## - SINIFLAMA NUMARASI | |
| Sınıflama Numarası | 297.65 H21 2012 |
| 245 ## - BAŞLIK TABLOSU | |
| Başlık | Hacı Bayrâm-ı Velî |
| Başlığın Kalan | bayramım şimdi = I'm in bayram now |
| Sorumluluk Tablosu, Vb | Ankara Büyükşehir Belediyesi |
| 246 ## - UNVAN FORM VARYING | |
| Başlık Doğru / Kısa Başlığı | I'm in bayram now |
| 246 ## - UNVAN FORM VARYING | |
| Başlık Doğru / Kısa Başlığı | Hacı Bayramı Veli |
| 260 ## - YAYIN, DAĞITIM, VB | |
| Yayın, Dağıtım, Vb Yeri | [İstanbul] |
| Yayıncı, Dağıtıcı, Vs Adı | TÜRKKAD |
| Yayın, Dağıtım, Vb Tarihi | 2012 |
| 300 ## - FİZİKSEL TANIM | |
| Kapsam | 62 s. |
| Diğer Fiziksel Ayrıntıları | res. |
| Boyutlar | 22x22 sm. |
| 500 ## - GENEL NOT | |
| Genel Not | Arka kapakta bilgi : "14-16 Aralık 2012 tarihleri arasında Ankara Büyükşehir Belediyesiyle birlikte düzenlenen Hacı Bayram-ı Veli Uluslararası Smepozyuu için TÜRKKAD İstanbul Şubesi tarafından hazırlanmıştır." |
| 600 ## - KONU KATMA GİRİŞ - KURUMSAL ADI | |
| Kişisel Ad | Akşemseddin |
| Bir Adıyla İlişkilendirilen Tarihler | 1389-1459 |
| Genel Alt Bölümü | Yaşamöyküsü |
| 600 ## - KONU KATMA GİRİŞ - KURUMSAL ADI | |
| Kişisel Ad | Hacı Bayramı Veli |
| Başlıklar Ve Bir Adla İlişkili Diğer Kelimeler | Bayramiyye tarikatının kurucusu |
| Bir Adıyla İlişkilendirilen Tarihler | 1352-1429 |
| Genel Alt Bölümü | Yaşamöyküsü |
| 650 ## - KONU KATMA GİRİŞ - TOPİKAL DÖNEM | |
| Topikal Süreli Veya Coğrafi Ad Giriş Elemanı | İslam dini |
| Genel Alt Bölümü | Tarikatlar |
| Kronolojik Alt Bölümü | Bayramiyye tarikatı |
| Coğrafi Alt Bölümü | Türkiye |
| 650 ## - KONU KATMA GİRİŞ - TOPİKAL DÖNEM | |
| Topikal Süreli Veya Coğrafi Ad Giriş Elemanı | Din önderleri |
| Genel Alt Bölümü | Tasavvuf |
| 942 ## - EKLENDİ GİRİŞ ELEMANLARI (KOHA) | |
| Sınıflandırma Veya Raf Düzeni Kaynak | |
| Koha Öğesi Türü | Books |
| 999 ## - SİSTEM KONTROL NUMARALARI (KOHA) | |
| Koha Biblionumber | 5078 |
| Koha Biblioitemnumber | 5078 |
| Kalıcı Konum | Mevcut Konum | Edinme Tarihi | Edinim Kaynak | Toplam Check-Out'Lar | Tam Çağrı Numarası | Barkod | Tarih Son Görülme | İtibaren Geçerli Fiyatlar | Koha Öğesi Türü |
|---|---|---|---|---|---|---|---|---|---|
| CHP Kütüphanesi | CHP Kütüphanesi | 08/04/2016 | Bağış | 297.65 H21 2012 | 000615 | 08/04/2016 | 08/04/2016 | Books |
